000
00327nam a2200133Ia 4500
008
240624s9999 xx 000 0 und d
041
_a
eng
082
_a
361.1 CAR
100
_a
CARL JOHN D
245
_a
THINK SOCIAL PROBLEMS
260
_c
2011
_a
Boston
_b
Prentice Hall
300
_a
xv, : 342 : p. : cm. ; 27
365
_c
_b
30
999
_c
19674
_d
19674